Регионална библиотека "Любен Каравелов" - Русе

Дзен естетиката в японската художествена традиция (Запис номер 114651)

MARC детайли
000 -Лидер
Контролно поле с фиксирана дължина 01588nam a2200373 c 4500
003 - Код на организацията, давaща контролен номер
Контролно поле BLK
005 - Дата и час на последна редакция
Контролно поле 20180420231006.0
008 - Елементи от данни с фиксирана дължина
fixed length control field 180409b bul|||||r ||||||| ||bul||
010 ## - Наследен системен номер
LC control number KNG00120083000
040 ## - Източник на каталожния запис
Идентификатор на билиотеката - собственик на записа BLK
041 ## - Код за език
Код за езика на текст/звукозапис или на отделно заглавие Български
Код за езика КДБФ Български
080 ## - УДК
Текстов определител УДК Изкуство. Художествени занаяти. Фотография. Музика. Развлечения. Игри. Спорт
УДК код - определител по УДК 7
УДК определител (520)
УДК - код + определител 7(520)
080 ## - УДК
Текстов определител УДК Японска литература
УДК код - определител по УДК 821.521
УДК определител .09-1
УДК - код + определител 821.521.09-1
100 1# - Редна дума - Автор
Автор Цигова, Бойка Елитова
Авторска отговорност първи автор
R(LIN) 313594
139 ## - Редно поле
Редна дума Цигова, Бойка Елитова
Авторски знак Циг - Ц 59
245 10 - Сведения за заглавието
Заглавие Дзен естетиката в японската художествена традиция
Редно поле (дума) Бойка Елитова Цигова.
257 ## - Страна на издаване
Страна на създаване/издаване България
260 ## - Област на издателските данни
-- София
Име на издателя, разпространителя и проч. Наука и изкуство
Година на издаване 1988
300 ## - Физическа характеристика
Страници 144 с., 24 л.
Илюстрации и др. цв. ил.
Размери/Мащаб 21 см
380 ## - Жанр
Жанр Изкуство
500 ## - Общи забележки
Забележка Библиогр. с. 135-139. - Именен показалец
650 #4 - Допълнително описание по предмет – тема
Основно описание – тема или топоним Изкуство
9 (RLIN) 156342
650 #4 - Допълнително описание по предмет – тема
Основно описание – тема или топоним Изкуство - естетика и философия
9 (RLIN) 258803
650 #4 - Допълнително описание по предмет – тема
Основно описание – тема или топоним Изкуство, японско
9 (RLIN) 313595
653 ## - Ключова дума – ненормативна
Ключова дума изкуство
653 ## - Ключова дума – ненормативна
Ключова дума естетика
653 ## - Ключова дума – ненормативна
Ключова дума дзен-будизъм
653 ## - Ключова дума – ненормативна
Ключова дума японска литература
852 ## - Местоположение
Форматна сигнатура Цб 154075
856 4# - Електронен адрес и достъп
Електронен формат pdf - файл
Път до файла /url/
856 4# - Електронен адрес и достъп
Електронен формат pdf - файл
Път до файла /url/
942 ## - АРТИКУЛИ
Вид на библиотечния материал Книги
Скрит в OPAC Не
944 ## - СЪЗДАВАНЕ И РЕДАКЦИЯ на ЗАПИСА
Създаване/Редакция Създаване
Дата на регистрацията/редакция 12.11.2010
Статус, дата на статуса добави в АБ / 11.11.2010
Служител, извършил регистрацията/редакцията Ирена_Линкова
944 ## - СЪЗДАВАНЕ И РЕДАКЦИЯ на ЗАПИСА
Създаване/Редакция Редакция
Дата на регистрацията/редакция 10.02.2015
Статус, дата на статуса добави в АБ / 11.11.2010
Служител, извършил регистрацията/редакцията Ирена_Линкова
999 ## - СИСТЕМНИ КОНТРОЛНИ НОМЕРА
Koha biblionumber 114651
Koha biblioitemnumber 114651
Наличности
Код за отписване Код за изгубен артикул Източник на класификационната схема Код за повреда Коз за рестрикции Код за отдаване Артикулен № Име на библиотеката - собственик Име на библиотеката, в която се намира в момента Статус (Текущо местоположение) Дата на вписване в системата Местоположение - отдел Цена в лева Инвентарен номер Систематично азбучна сигнатура Баркод Номер на екземпляра Цена в евро Служебна бележка Служебен тип на артикула
  Не е изгубен Universal Decimal Classification Не е повреден без рестрикции заемане за дома 183926 Регионална библиотека "Любен Каравелов" Русе Регионална библиотека "Любен Каравелов" Русе Отдел Изкуство - подръчен фонд 1988-01-01 Отдел Изкуство - подръчен фонд 1.98 504915 7/Ц 59 120000504915 1 1.01 N: стар фонд Дата: 01.01.1988 Дата инв: 05.06.2012 Бележки инв: * Книги
  Не е изгубен Universal Decimal Classification Не е повреден само за читалня ползва се в читалня 183927 Регионална библиотека "Любен Каравелов" Русе Регионална библиотека "Любен Каравелов" Русе Хранилище 1988-01-01 Хранилище 1.98 503761 Цб 154075 120000503761 2 1.01 Дост: Dp Вид: Д N: сф Дата: 01.01.1988 Книги
Изтеглен Не е изгубен Universal Decimal Classification Не е повреден без рестрикции заемане за дома 183928 Регионална библиотека "Любен Каравелов" Русе Регионална библиотека "Любен Каравелов" Русе Отдел Изкуство - подръчен фонд 1988-01-01 Отдел Изкуство - подръчен фонд 1.98 504914 7/Ц 59 504914 3 1.01 Дост: Pk Вид: Ф N: сф Дата: 01.01.1988 Дата инв: 10.02.2015 Бележки инв: ИП2015 Книги
Vip Innovations Ltd, Rousse, Bulgaria 2025